00361nam a2200157Ia 450000500170000000800410001702000150005808200210007310000150009424500110010926000360012030000180015665000110017465000100018565000080019520250109045227.0240331s9999 xx 000 0 und d a0415084016 bSTE23792a305.3 aGarrett, S 0aGender bTavistock Publicatons Ltdc1987 aviii, 167 p., aGender aWomen aMen